000 00892nam a2200229 a 4500
001 65494
003 BD-RjUL
005 20211209081431.0
008 170307s1955 bg a|||| |||| 00| 0 ben d
020 _c Tk. : 40.00
035 _a(BD-RjUL)65624
040 _aBD-RjUL
_bben
_cBD-RjUL
041 _aben
082 _223
_a891.4415
_bHUC 1987
100 1 _aহুদা, মাহমুদ নুরুল
_9170375
245 1 0 _aচিরঞ্জীব নজরুল /
_cমাহমুদ নুরুল হুদা.
260 _aঢাকা :
_bআবু রশীদ মাহমুদ,
_c১৯৮৭.
300 _a[২], ৭১ পৃ :
_bচিত্র ;
_c২২ সেমি.
600 _aইসলাম, কাজী নজরুল
_d১৮৯৯-১৯৭৬
_xজীবনী
_9193825
600 _aIslam, Kazi Najrul
_c1856-1950
_xBiography
_9193826
942 _2ddc
_cBK
999 _c65494
_d65494